| 000 | 00936nam a22001937a 4500 | ||
|---|---|---|---|
| 003 | JO-AjAnu | ||
| 005 | 20241019100629.0 | ||
| 008 | 241019b jo ||||| |||| 00| 0 ara d | ||
| 040 | _cJO-AjAnu | ||
| 041 | _aARA | ||
| 100 | 1 |
_aبوطرة، فضيلة _966261 _eمؤلف |
|
| 245 |
_aالزراعة الذكية وانترنت الاشياء بين التحول الرقمي والتنمية المستدامه / _cتاليف فضيلة بوطرة؛ مؤلف محمد بوهلال |
||
| 250 | _aالطبعة الاولى | ||
| 260 |
_aعمان: _bدار يافا العلمية للنشر والتوزيع ، _c2024 |
||
| 300 | _a461 صفحة | ||
| 650 | 0 |
_aالتنمية الزراعيه - الاقتصاد الزراعي- التجديدات الزراعية- الانتاج الزراعي- تكنولوجيا المعلومات _966283 |
|
| 700 |
_aبوهلال، محمد _966264 _eمؤلف مشارك |
||
| 942 |
_2lcc _cBK _n0 |
||
| 999 |
_c33735 _d33735 |
||